00713nam a2200277Ia 450000500170000000800460001702000180006303700100008104000080009104000080009904000080010704100080011504100080012308400080013110000260013924500160016524500340018126000230021526000090023836500050024736500080025285600530026094200100031399900210032395200910034420260324140415.0008 260324s9999 xx 000 0 eng d a9780203903254 aEBOOK aCRL beng cCRL 2eng aeng qCRL aBonnie Berry91180548 0aSocial Rage 0bEmotion and Cultural Conflict bTaylor and Francis c1999 a b240 uhttp://www.taylorfrancis.com/books/9780203903254 cEBOOK c1806329d1806329 00104070aCRLbCRLd2026-03-24l0pCL2088490r2026-03-24 14:04:15w2026-03-24yEBOOK